La fábrica de historias: derecho, literatura, vida
Salvato in:
| Autore principale: | |
|---|---|
| Natura: | Libro |
| Lingua: | spagnolo |
| Pubblicazione: |
Buenos Aires
Fondo de Cultura Económica
2003
|
| Serie: | Sección Obras de Psicología y Psicoanálisis
|
| Soggetti: | |
| Tags: |
Aggiungi Tag
Nessun Tag, puoi essere il primo ad aggiungerne!!
|
MARC
| LEADER | 00000nam a2200000 a 4500 | ||
|---|---|---|---|
| 001 | UCL2860 | ||
| 003 | CL-VaPUC | ||
| 008 | 031107e20030000AG |||||||||||||||||spa|d | ||
| 020 | |a 9505575602 | ||
| 082 | 0 | 4 | |a 808 |b BRU |2 21 |
| 100 | 0 | |a Bruner, Jerome Seymour |e author |9 343602 | |
| 245 | 1 | 3 | |a La fábrica de historias: derecho, literatura, vida |
| 300 | |a 147 p | ||
| 942 | |c BK | ||
| 945 | |d 20031107 00:00:00 |a cmena | ||
| 260 | |a Buenos Aires |b Fondo de Cultura Económica |c 2003 | ||
| 650 | 0 | |a Retórica |9 266620 | |
| 650 | 0 | |a Análisis del discurso |9 256696 | |
| 650 | 0 | |a Creatividad |9 310816 | |
| 650 | 0 | |a Interpretación literaria |9 415895 | |
| 583 | |a last modification |c 20031107 00:00:00 |k Rodrigo Vera | ||
| 490 | 0 | |a Sección Obras de Psicología y Psicoanálisis | |
| 999 | |c 306035 |d 306033 | ||
| 952 | |0 0 |1 0 |4 0 |6 808_000000000000000_BRU_2003 |7 0 |8 A |9 370710 |a BIBEDU |b BIBEDU |d 2019-11-21 |i 3952258 |o 808 BRU 2003 |p 3952258 |r 2019-11-21 |w 2019-11-21 |y BK |k LIT | ||
| 952 | |0 0 |1 0 |4 0 |6 808_000000000000000_BRU_2003 |7 0 |8 A |9 370711 |a BIBEDU |b BIBEDU |d 2019-11-21 |i 3966526 |o 808 BRU 2003 |p 3966526 |r 2019-11-21 |w 2019-11-21 |y BK |k PSI | ||